000 00483nam a2200133Ia 4500
008 100328s9999 xx 000 0 und d
082 _b29476
100 _aअदवंत म. ना.
245 _aहरिभाऊ : विविा दर्शन
260 _bस्कूल व कॉलेज बुक स्टॉल
630 _aहरिभाऊ : विविा दर्शन
730 _aहरिभाऊ : विविा दर्शन
942 _cBOOK
999 _c520507
_d520504